[Event "Extraliga CZE 2004-5"]
[Site "Czech Rep CZE"]
[Date "2005.03.20"]
[Round "9"]
[White "Berzinsh,R"]
[Black "Hausner,I"]
[Result "1/2-1/2"]
[WhiteElo "2454"]
[BlackElo "2414"]

1.e4 c5 2.Nc3 Nc6 3.Nge2 d6 4.d4 cxd4 5.Nxd4 e6 6.Be3 Nf6 7.Bc4 Be7 8.Bb3 a6
9.f4 d5 10.f5 Nxd4 11.Qxd4 dxe4 12.fxe6 Bxe6 13.Bxe6 fxe6 14.O-O-O Qxd4 15.Bxd4 Rd8
16.Rhe1 Kf7 17.Nxe4 Nxe4 18.Rxe4 Bg5+ 19.Be3 Bxe3+ 20.Rxe3 Rxd1+ 21.Kxd1 Rd8+
22.Ke2 Rd5 23.c4 Rh5 24.Rb3 b5 25.cxb5 axb5 26.Rh3 Rg5 27.Rf3+ Ke7 28.Rg3 Re5+
29.Kd3 g6 30.h4 Re1 31.h5 gxh5 32.Rg5 Ra1 33.a3 b4 34.axb4 Rg1 35.Rxh5 Rxg2
36.Rxh7+ Kd6 37.Kc3 Kc6 38.Rh5 Re2 39.Rc5+ Kb6 40.Kb3 Re3+ 41.Ka4 Re2  1/2-1/2

[Event "Ettinger It"]
[Site "Givataim ISR"]
[Date "2005.03.20"]
[Round "1"]
[White "Deutsch,E"]
[Black "Tyomkin,D"]
[Result "1/2-1/2"]
[WhiteElo "2341"]
[BlackElo "2512"]

1.e4 c5 2.Nc3 Nc6 3.Nf3 d6 4.Bb5 Bd7 5.O-O Nf6 6.Re1 e6 7.b3 Be7 8.Bb2 O-O
9.d3 Qc7 10.Ne2 Ne5 11.Nxe5 Bxb5  1/2-1/2

[Event "Third Sat A"]
[Site "Novi Sad SCG"]
[Date "2005.03.20"]
[Round "2"]
[White "Brunello,S"]
[Black "Kostic,VV"]
[Result "0-1"]
[WhiteElo "2268"]
[BlackElo "2348"]

1.e4 c5 2.Nf3 Nc6 3.Nc3 g6 4.d4 cxd4 5.Nxd4 Bg7 6.Be3 Nf6 7.Bc4 O-O 8.Bb3 a5
9.f3 d5 10.exd5 Nb4 11.Nde2 a4 12.Nxa4 Nfxd5 13.Bd2 Bf5 14.a3 Nc6 15.Nac3 Nxc3
16.Bxc3 Qb6 17.Bxg7 Kxg7 18.Ng3 Nd4 19.Nxf5+ Nxf5 20.Qd2 Ne3 21.Ke2 Nf5 22.Rhd1 Rfd8
23.Qb4 Nd4+ 24.Kf1 Qxb4 25.axb4 Nxb3 26.cxb3 Rxa1 27.Rxa1 Rd4 28.Rc1 Rxb4
29.Rc3 h5 30.g3 g5 31.Ke2 e5 32.h3 f5 33.Rd3 g4 34.hxg4 hxg4 35.Kd2 gxf3
36.Rxf3 Rd4+ 37.Ke2 Kf6 38.Rc3 Rb4 39.Kf3 Ke6 40.Ke3 Kd5 41.Rd3+ Rd4 42.Rc3 Rg4
43.Kf3 Rb4 44.Ke3 b5 45.Rd3+ Ke6 46.Rc3 Kf6 47.Kf3 Kg5 48.Re3 e4+ 49.Ke2 Kg4
50.Rc3 Rd4 51.Rc8 Kxg3 52.Rc5 Kf4 53.Rxb5 Rd3 54.Rb8 Rh3 55.b4 Rh2+ 56.Kd1 Rxb2
57.Kc1 Rh2 58.b5 e3 59.Re8 Rh6 60.Rc8 Rh1+ 61.Kc2 e2  0-1

[Event "Spring Festival"]
[Site "Budapest HUN"]
[Date "2005.03.21"]
[Round "4"]
[White "Zhang Jilin"]
[Black "Martini,B"]
[Result "1-0"]
[WhiteElo "2321"]
[BlackElo "2333"]

1.e4 c5 2.Nf3 Nc6 3.Nc3 e5 4.g3 d6 5.Bg2 Bg4 6.h3 Be6 7.O-O g5 8.Nxg5 Qxg5
9.d4 Qg6 10.d5 Bd7 11.dxc6 bxc6 12.Kh2 Nf6 13.f4 Rg8 14.Qf3 h5 15.f5 Qh7
16.a3 Bh6 17.Rd1 Ke7 18.Qd3 Ne8 19.b4 Bxc1 20.Raxc1 cxb4 21.axb4 Qh6 22.Ra1 Nc7
23.Ra5 Bc8 24.b5 Nxb5 25.Nxb5 cxb5 26.Qd5 Rxg3 27.Qxa8 Qf4 28.Qxa7+ Kf6 29.Kh1 Rxg2
30.Kxg2 Qxe4+ 31.Kf1 Bb7 32.Rxd6+ Ke7 33.Qg1 Qxf5+ 34.Ke1 Qe4+ 35.Kd2 Kxd6
36.Rxb5 Qf4+ 37.Kc3 Bc6 38.Qc5+ Kd7 39.Ra5 Qf3+ 40.Kb2 f6 41.Ra7+ Ke6 42.Ra6 Kd7
43.Qa7+ Kd6 44.Qb8+ Kc5 45.Qf8+ Kb5 46.Ra3 Qd5 47.Rb3+ Ka6 48.Qa3+ Qa5 49.Qd6 Qd5
50.Qxd5 Bxd5 51.Rb8 Bg2 52.h4 f5 53.Rc8 e4 54.Rf8 Bh3 55.Kc3 Bg4 56.Kd4 Kb6
57.c4 Kc6 58.c5 Kc7  1-0

[Event "Spring Festival"]
[Site "Budapest HUN"]
[Date "2005.03.22"]
[Round "5"]
[White "Hujbert,F"]
[Black "Kerek,C"]
[Result "1-0"]
[WhiteElo "2111"]
[BlackElo "2300"]

1.e4 c5 2.Nc3 Nc6 3.Nf3 e5 4.Bc4 d6 5.d3 h6 6.Nd2 Nf6 7.Nf1 Bg4 8.f3 Be6
9.Ne3 Be7 10.O-O O-O 11.Ncd5 a6 12.a4 Rb8 13.Bd2 b5 14.axb5 axb5 15.Bb3 Ne8
16.Ra6 Nd4 17.Ba5 Qd7 18.Nxe7+ Qxe7 19.Bxe6 Nxe6 20.Nd5 Qb7 21.Rb6 Qa8 22.Rxb8 Qxb8
23.Bd2 N8c7 24.Ne7+ Kh7 25.Nf5 Qd8 26.Qc1 Nd4 27.Nxd4 cxd4 28.f4 exf4 29.Bxf4 Ne6
30.Bg3 d5 31.Qe1 Kg8 32.Rf5 dxe4 33.Qxe4 Qa5 34.Rf1 Qd2 35.Qf5 Qe3+ 36.Kh1 Qg5
37.Qf2 Qe7 38.Be5 Rc8 39.Re1 Qb4 40.c3 dxc3 41.bxc3 Qc5 42.d4 Qd5 43.Qg3 Rc4
44.Bf6 Rc6 45.Rxe6  1-0

[Event "Spring Festival"]
[Site "Budapest HUN"]
[Date "2005.03.23"]
[Round "6"]
[White "Hujbert,F"]
[Black "Martini,B"]
[Result "1-0"]
[WhiteElo "2111"]
[BlackElo "2333"]

1.e4 c5 2.Nc3 Nc6 3.Nf3 e5 4.Bc4 Be7 5.d3 Nf6 6.Nd2 O-O 7.Nf1 d6 8.Ne3 Qe8
9.O-O Na5 10.a4 Nxc4 11.Nxc4 Be6 12.Bg5 Ng4 13.Bxe7 Qxe7 14.h3 Nh6 15.f4 exf4
16.Rxf4 f5 17.Qe2 Bxc4 18.dxc4 Qe5 19.Raf1 Rfe8 20.Qh5 Qd4+ 21.Kh1 fxe4 22.Nd5 Kh8
23.Nc7 Re5 24.Rf8+ Ng8 25.Qf7 Rxf8 26.Qxf8 e3 27.Nb5 Qh4 28.Nxd6 Re7 29.Rf7 Qf6  1-0

[Event "7th Foxwoods Open"]
[Site "Connecticut USA"]
[Date "2005.03.23"]
[Round "1"]
[White "Friedel,J"]
[Black "Markzon,G"]
[Result "1-0"]
[WhiteElo "2423"]
[BlackElo "2204"]

1.e4 c5 2.Nf3 Nc6 3.Nc3 a6 4.d4 cxd4 5.Nxd4 e5 6.Nf5 d6 7.h4 Nf6 8.Bg5 h6
9.Bxf6 Qxf6 10.Nd5 Qd8 11.c3 g6 12.Nfe3 Be6 13.h5 Bg7 14.hxg6 fxg6 15.Qb3 O-O
16.Qxb7 Nd4 17.cxd4 Rf7 18.Qb6 exd4 19.Qxd8+ Rxd8 20.Nd1 Bxd5 21.exd5 Re8+
22.Kd2 a5 23.Bd3 Kh7 24.Rc1 h5 25.Rc6 Bh6+ 26.Kc2 a4 27.Rxh5  1-0

[Event "7th Foxwoods Open"]
[Site "Connecticut USA"]
[Date "2005.03.23"]
[Round "1"]
[White "Schneider,Ig"]
[Black "Ehlvest,J"]
[Result "1/2-1/2"]
[WhiteElo "2320"]
[BlackElo "2622"]

1.e4 c5 2.Nc3 Nc6 3.Nf3 g6 4.d4 cxd4 5.Nxd4 Bg7 6.Be3 Nf6 7.Bc4 O-O 8.Bb3 a5
9.f3 Nxd4 10.Bxd4 d6 11.a4 Bd7 12.Qd2 Qb8 13.O-O b5 14.Nxb5 Bxb5 15.axb5 Qxb5
16.Ra4 Nd7 17.Bxg7 Kxg7 18.Qd4+ Kg8 19.Rfa1 Nb6 20.R4a3 Rfc8 21.h3 Rc5 22.Qd3 Qc6
23.c3 a4 24.Bd1 Nc4 25.R3a2 a3 26.bxa3 Ne5 27.Qd2 Rxc3 28.a4 Ra5 29.Be2 Qc7
30.Kh1 Kg7 31.Qd4 Qc5 32.Qxc5 dxc5 33.Ra3 Rc2 34.R3a2 Rc3 35.Ra3 Rc2  1/2-1/2

[Event "ch-EU"]
[Site "Cork IRL"]
[Date "2005.03.23"]
[Round "2"]
[White "Medvegy,Z"]
[Black "Astaneh Lopez,A"]
[Result "1/2-1/2"]
[WhiteElo "2467"]
[BlackElo "2277"]

1.e4 c5 2.Nc3 Nc6 3.Nf3 Nf6 4.Bb5 d6 5.e5 Ng4 6.O-O Nxe5 7.Nxe5 dxe5 8.Bxc6+ bxc6
9.Qh5 Qc7 10.Re1 e6 11.d3 Bd7 12.h3 Rb8 13.b3 c4 14.dxc4 g6 15.Qxe5 Qxe5
16.Rxe5 Bg7 17.Bf4 g5 18.Bg3 f5 19.Rae1 f4 20.Bh2 Rf8 21.g3 Bxe5 22.Rxe5 Rf5
23.gxf4 Rxe5 24.fxe5 Ke7 25.f4 h6 26.Kf2 Be8 27.fxg5 hxg5 28.Bg1 Bg6 29.Kg3 Bxc2
30.Bxa7 Rd8 31.Bc5+ Kf7 32.Bd6 Bf5 33.Ne2 Rh8 34.Ng1 Bb1 35.Nf3 Bxa2 36.Nxg5+ Kg6
37.Nxe6 Bxb3 38.Nd4 Bxc4 39.Nxc6 Be6 40.h4 Kh5 41.Be7 Rg8+ 42.Bg5 Rxg5+ 43.hxg5 Kxg5
44.Nd4 Bd5  1/2-1/2

[Event "Norwegian Open"]
[Site "Oslo NOR"]
[Date "2005.03.23"]
[Round "5"]
[White "Bae,T"]
[Black "Riisem,O"]
[Result "1-0"]
[WhiteElo "2277"]
[BlackElo "2069"]

1.e4 c5 2.Nf3 Nc6 3.Nc3 e5 4.Bc4 Be7 5.d3 Nf6 6.Nd2 O-O 7.Nf1 Rb8 8.Ne3 d6
9.a4 a6 10.O-O Be6 11.Ncd5 b5 12.axb5 axb5 13.Ba2 Qd7 14.c3 Rfe8 15.Qf3 b4
16.Bc4 h6 17.Ra6 Nh7 18.Nf5 Bxf5 19.exf5 Bg5 20.f6 e4 21.Qg3 Nxf6 22.Bxg5 hxg5
23.Nxf6+ gxf6 24.dxe4 bxc3 25.bxc3 Ne5 26.Bd5 Ng6 27.Rxd6 Qe7 28.Rc6 Nf4
29.Qf3 f5 30.exf5 Rb1 31.Bc4 Qb7 32.g3 Rb6 33.gxf4 Qxc6 34.Qxc6 Rxc6 35.Bb5  1-0

[Event "ch-RUS w 1st League"]
[Site "Samara RUS"]
[Date "2005.03.23"]
[Round "1"]
[White "Vasilevich,I"]
[Black "Korbut,E"]
[Result "1/2-1/2"]
[WhiteElo "2292"]
[BlackElo "2417"]

1.e4 c5 2.Nf3 Nc6 3.Nc3 g6 4.d4 cxd4 5.Nxd4 Bg7 6.Nb3 Nf6 7.Be2 d6 8.O-O O-O
9.Re1 Be6 10.Bf1 d5 11.Nc5 Bg4 12.f3 d4 13.Nb5 Bc8 14.c3 dxc3 15.Nxc3 b6
16.Nb3 Be6 17.Be3 Qb8 18.Rc1 Rd8 19.Qe2 Ne5 20.Red1 Bc4 21.Qe1 Bxf1 22.Qxf1 Rxd1
23.Rxd1 Qc8 24.Bd4 Nc6 25.Be3 Ne5 26.Nb5 a6 27.Rc1 Qb7 28.Nc7 Ra7 29.Qd1 Qb8
30.Qc2 Ned7 31.Nd5 Nxd5 32.exd5 Qe5 33.Qe4 Ra8 34.Bd4 Qxe4 35.fxe4 Bxd4+
36.Nxd4 Nc5 37.e5 a5 38.Nc6 Kf8 39.Rd1 Rc8 40.Na7 Rd8 41.Kf2 f6 42.Nc6 Rd7
43.Ke3 fxe5 44.Nxe5 Rd6 45.Nc4 Rf6 46.g4 g5 47.Rd2 Ke8 48.b3 Nd7 49.Re2 Kd8
50.h3 Rh6 51.Rh2 Nf6 52.Kf3 Nd7 53.Ke4 Rf6 54.Ke3 Kc7 55.Rf2 Rxf2 56.Kxf2 Nf6
57.Ke3 Nxd5+ 58.Ke4 e6 59.Ke5 Kd7 60.a4 Ke7 61.Nd6 Kd7 62.Nf7 h6 63.Nxh6 Ke7
64.Ng8+ Kf7 65.Nh6+ Kg7 66.Kxe6 Nf4+ 67.Kf5 Kxh6 68.h4 gxh4 69.Kxf4 Kg6 70.Ke3 Kf6
71.Kf2 Kg5 72.Kf3 h3 73.Kg3 h2 74.Kxh2 Kh4 75.g5 Kh5 76.Kh3 Kxg5 77.Kg3  1/2-1/2

[Event "ch-RUS w 1st League"]
[Site "Samara RUS"]
[Date "2005.03.23"]
[Round "1"]
[White "Stepovaia Dianchenko,T"]
[Black "Guseva,M"]
[Result "0-1"]
[WhiteElo "2348"]
[BlackElo "2261"]

1.e4 c5 2.Nf3 Nc6 3.Nc3 Nf6 4.Bb5 e5 5.d3 d6 6.Nd5 Nxd5 7.exd5 Qa5+ 8.c3 Qxb5
9.dxc6 Qxc6 10.h3 g6 11.Be3 Bg7 12.Qd2 Be6 13.a3 O-O 14.Bh6 Bd5 15.Bxg7 Kxg7
16.Qe3 a5 17.c4 Bxf3 18.gxf3 Rfe8 19.O-O-O Re6 20.h4 Rf6 21.Rh3 h5 22.Re1 Qd7
23.Rg3 Rf4 24.Rh1 Re8 25.Kb1 Re6 26.Ka2 Ref6 27.b3 Qc6 28.Rhh3 b5 29.Qe2 a4
30.Qc2 axb3+ 31.Qxb3 bxc4 32.dxc4 Rd4 33.Qb5 Qa8 34.a4 Rff4 35.Kb3 d5  0-1

[Event "Open"]
[Site "Coventry ENG"]
[Date "2005.03.24"]
[Round "1"]
[White "Wallace,P"]
[Black "Ansell,S"]
[Result "1/2-1/2"]
[WhiteElo "2172"]
[BlackElo "2408"]

1.e4 c5 2.Nc3 Nc6 3.Nf3 g6 4.d4 cxd4 5.Nxd4 Bg7 6.Be3 Nf6 7.Nxc6 bxc6 8.e5 Nd5
9.Nxd5 cxd5 10.Qxd5 Rb8 11.Bc4 O-O 12.O-O Qc7 13.f4 d6 14.exd6 exd6 15.Bb3 Be6
16.Qd2 Bxb2 17.Rad1 Rfe8 18.Bd4 Bxd4+ 19.Qxd4 Qc5 20.Bxe6 Rxe6 21.f5 Qxd4+
22.Rxd4 Re2 23.fxg6 hxg6 24.Rc1 Rb2 25.Ra4 Rb5 26.Rxa7 Rd5 27.Ra3 Rdd2 28.Rg3 Kg7
29.a4 f5 30.a5 f4 31.Rg4 Rxc2  1/2-1/2

[Event "XXXXII Open"]
[Site "La Roda ESP"]
[Date "2005.03.24"]
[Round "2"]
[White "Guerrero Olmos,S"]
[Black "Kolev,At"]
[Result "0-1"]
[WhiteElo "2222"]
[BlackElo "2524"]

1.e4 c5 2.Nc3 Nc6 3.Nf3 Nf6 4.Bb5 Qc7 5.O-O Nd4 6.Bc4 e6 7.d3 a6 8.Nxd4 cxd4
9.Ne2 Nxe4 10.dxe4 Qxc4 11.Nxd4 Be7 12.b3 Qc7 13.Bb2 O-O 14.Qg4 f6 15.c4 b6
16.Rad1 Rf7 17.f4 Bb7 18.f5 e5 19.Ne2 b5 20.cxb5 Qc2 21.Bc1 axb5 22.Be3 Qxe4
23.Qxe4 Bxe4 24.Nc3 Bc6 25.Rf2 g6 26.fxg6 hxg6 27.Nd5 Bd8 28.Bc5 f5 29.Re2 e4
30.g3 Rc8 31.b4 Ra8 32.h4 Ra3 33.Bf2 Rd3 34.Rxd3 exd3 35.Re8+ Rf8 36.Rxf8+ Kxf8
37.Bc5+ Kf7 38.Ne3 Bf6 39.Kf2 Ke6 40.Ke1 Bc3+ 41.Kf2 d6 42.Nd1 Be5 43.Bb6 Bd5  0-1

[Event "ch-FAI"]
[Site "Oyrarbakka ch-FAI"]
[Date "2005.03.24"]
[Round "7"]
[White "Andreasen,A"]
[Black "Berg,O"]
[Result "0-1"]
[WhiteElo "1974"]
[BlackElo "2194"]

1.e4 c5 2.Nf3 Nc6 3.Nc3 Nf6 4.d4 cxd4 5.Nxd4 e5 6.Nxc6 bxc6 7.Bd3 Bb4 8.O-O h6
9.Bd2 O-O 10.Ne2 Bc5 11.b4 Bb6 12.c4 d5 13.exd5 cxd5 14.c5 Bc7 15.Ng3 e4
16.Bc2 Ng4 17.h3 Nxf2 18.Rxf2 Bxg3 19.Re2 Be5 20.Rb1 f5 21.Bb3 Kh8 22.Bxh6 gxh6
23.Bxd5 Rb8 24.Rd2 Qg5 25.Bc4 e3 26.Re2 Qf4  0-1

[Event "ch-RUS w 1st League"]
[Site "Samara RUS"]
[Date "2005.03.24"]
[Round "2"]
[White "Korbut,E"]
[Black "Ubiennykh,E"]
[Result "1-0"]
[WhiteElo "2417"]
[BlackElo "2327"]

1.e4 c5 2.Nf3 Nc6 3.Nc3 e5 4.Bc4 Be7 5.d3 Nf6 6.Nd2 d6 7.Nf1 Bg4 8.f3 Be6
9.Ne3 O-O 10.Ncd5 Re8 11.Bd2 Nd7 12.O-O Bg5 13.a4 Nb6 14.a5 Nxc4 15.dxc4 Kh8
16.Nf5 Bxd2 17.Qxd2 Nd4 18.Nfe3 f5 19.exf5 Bxf5 20.c3 Qg5 21.cxd4 exd4 22.f4 dxe3
23.fxg5 exd2 24.Rxf5 Re1+ 25.Rf1 Rae8 26.Kf2 Rf8+ 27.Nf6 Rxa1 28.Rxa1 gxf6
29.gxf6 Rxf6+ 30.Ke2 Rh6 31.Rh1 Rg6 32.Rg1 Rh6 33.h3 d5 34.cxd5 Rd6 35.Rd1 Rxd5
36.Rxd2 Re5+ 37.Kd3 b5 38.Kc3 Re3+ 39.Kc2 Re7 40.Rd8+ Kg7 41.Kd2 Kf6 42.Rb8 a6
43.Rb6+ Re6 44.g4 Ke5 45.h4 Rg6 46.g5 Kf4 47.Rb7 h6 48.Rb6 Kf5 49.gxh6 Rg2+
50.Ke3 Rg3+ 51.Ke2 Rh3 52.Rxa6 Rxh4 53.Rc6 c4 54.a6 b4 55.a7 Re4+ 56.Kd2 Re8
57.Ra6 Ra8 58.h7  1-0

[Event "43rd Doeberl Cup"]
[Site "Canberra AUS"]
[Date "2005.03.25"]
[Round "1"]
[White "West,G"]
[Black "Zivanovic,A"]
[Result "1-0"]
[WhiteElo "2350"]
[BlackElo "2025"]

1.e4 c5 2.Nc3 Nc6 3.Nge2 g6 4.d4 cxd4 5.Nxd4 Bg7 6.Be3 Nf6 7.Bc4 O-O 8.f3 Qb6
9.Bb3 Nxe4 10.Nd5 Qa5+ 11.c3 Bxd4 12.Bxd4 Nd6 13.Bf2 Nf5 14.g4 Ng7 15.Qd2 d6
16.Qh6 Qd8 17.Bh4 Be6 18.Bxe7 Bxd5 19.Bxd8 Bxf3 20.Bf6 Ne8 21.O-O Nxf6 22.Rxf3 Nxg4
23.Qf4  1-0

[Event "ch-EU"]
[Site "Cork IRL"]
[Date "2005.03.25"]
[Round "4"]
[White "Ryan,Jo"]
[Black "Markos,J"]
[Result "0-1"]
[WhiteElo "2328"]
[BlackElo "2454"]

1.e4 c5 2.Nf3 Nc6 3.Nc3 Nf6 4.Bb5 g6 5.h3 Bg7 6.e5 Ng8 7.Bxc6 dxc6 8.d3 f6
9.Bf4 fxe5 10.Bxe5 Nf6 11.Qd2 O-O 12.O-O Bf5 13.Rae1 c4 14.d4 b5 15.Re2 Qd7
16.Rfe1 Rae8 17.Nh2 Be6 18.Ne4 c3 19.Qxc3 Bc4 20.Nc5 Qf5 21.g4 Qc8 22.Rd2 Bh6
23.Rdd1 Nd5 24.Qg3 Nf4 25.Nd3 Nxd3 26.cxd3 Be6 27.b3 Rf7 28.f4 Ref8 29.Rf1 Qd7
30.Rf2 a6 31.Nf1 Bg7 32.Qe3 Bxg4 33.Re1 Bxh3 34.Nd2 Bxe5 35.dxe5 Qg4+ 36.Kh2 Rxf4
37.Rxf4 Qg2+  0-1

[Event "Open"]
[Site "Coventry ENG"]
[Date "2005.03.25"]
[Round "3"]
[White "Wallace,P"]
[Black "Wells,P"]
[Result "0-1"]
[WhiteElo "2172"]
[BlackElo "2519"]

1.e4 c5 2.Nc3 Nc6 3.Nf3 d6 4.d4 cxd4 5.Nxd4 Nf6 6.Bc4 e6 7.Be3 Be7 8.Qe2 a6
9.O-O-O Qc7 10.Bb3 Na5 11.Kb1 b5 12.f3 Rb8 13.g4 b4 14.Na4 O-O 15.g5 Nd7
16.f4 Nxb3 17.axb3 Bb7 18.Bc1 Nc5 19.Nxc5 dxc5 20.Nf3 Bd6 21.e5 Be7 22.Rhg1 a5
23.Nd2 Qc6 24.Rg3 Rfd8 25.Nc4 Qa6 26.Rgd3 Rxd3 27.Rxd3 a4 28.bxa4 Bd5 29.Ne3 Ba2+
30.Kxa2 Qxa4+  0-1

[Event "XXXXII Open"]
[Site "La Roda ESP"]
[Date "2005.03.25"]
[Round "5"]
[White "Fernandez Gil,M"]
[Black "Komljenovic,D"]
[Result "1-0"]
[WhiteElo "2264"]
[BlackElo "2492"]

1.e4 c5 2.Nc3 Nc6 3.Nf3 g6 4.d4 cxd4 5.Nxd4 Bg7 6.Be3 Nf6 7.Bc4 O-O 8.Bb3 Qa5
9.f3 d6 10.Qd2 Nxd4 11.Bxd4 Be6 12.O-O-O Rfc8 13.Kb1 Bxb3 14.cxb3 Rc6 15.h4 h5
16.Bxf6 Bxf6 17.Nd5 Qxd2 18.Nxf6+ exf6 19.Rxd2 Re8 20.Rc1 Rxc1+ 21.Kxc1 Rc8+
22.Kd1 Rc6 23.b4 a6 24.Rd5 Rb6 25.a3 Kf8 26.Kd2 Ke7 27.g4 Ke6 28.gxh5 Rc6
29.b5 Rc8 30.bxa6 bxa6 31.Ra5 Rh8 32.Ke3 g5 33.hxg5 Rxh5 34.b4 fxg5 35.Rxa6 Rh3
36.Kf2 Rh2+ 37.Kg3 Rb2 38.Ra5 f6 39.b5 d5 40.exd5+ Kxd5 41.a4 f5 42.b6+ Ke6
43.Ra6 Ke5 44.a5 Rb3 45.Ra8 g4 46.Re8+ Kf6 47.a6 Rxf3+ 48.Kg2 f4 49.a7 Ra3
50.a8=Q  1-0

[Event "ch-RUS w 1st League"]
[Site "Samara RUS"]
[Date "2005.03.25"]
[Round "3"]
[White "Grunina,N"]
[Black "Semenova,In"]
[Result "1-0"]
[WhiteElo "2157"]
[BlackElo "2084"]

1.e4 c5 2.Nf3 Nc6 3.Nc3 e5 4.Bc4 h6 5.d3 d6 6.Nd2 Nf6 7.Nf1 Be7 8.Ne3 O-O
9.O-O Be6 10.a4 Nb4 11.Ncd5 Nbxd5 12.exd5 Bc8 13.f4 exf4 14.Rxf4 Nd7 15.Nf5 Ne5
16.Bb3 Bg5 17.Rf1 Bxc1 18.Qxc1 Bxf5 19.Rxf5 Qb6 20.a5 Qc7 21.Qd2 Qd7 22.Raf1 Qb5
23.Rh5 f6 24.Rf4 b6 25.Rh3 Qd7 26.Rfh4 Ng6 27.Re4 Ne5 28.Rg3 Kh7 29.c3 f5
30.Rh4 Ng6 31.Rh5 f4 32.Rgh3 Rae8 33.d4 Rf6 34.dxc5 bxc5 35.Bd1 Qe7 36.Kf2 Ne5
37.b3 Kg8 38.R5h4 Qf8 39.Bh5 g6 40.Bd1 g5 41.Rh5 g4 42.R3h4 Qg7 43.Kg1 g3
44.Rh3 gxh2+ 45.Kxh2 Kf7 46.R5h4 Qg5 47.Bh5+ Ke7 48.Bxe8 Kxe8 49.Rh5 Qg7
50.Qe2 Rg6 51.Rf5 Rg4 52.Rhh5 Kd8 53.a6 Kc8 54.b4 c4 55.b5 Kb8 56.Rxe5 dxe5
57.Qxe5+ Qxe5 58.Rxe5 Rg3 59.d6 Kc8 60.Re7 Rxc3 61.Rxa7 Rb3 62.Rc7+ Kd8 63.a7 Ra3
64.b6  1-0

[Event "ch-RUS w 1st League"]
[Site "Samara RUS"]
[Date "2005.03.25"]
[Round "3"]
[White "Stepovaia Dianchenko,T"]
[Black "Fominykh,M"]
[Result "1/2-1/2"]
[WhiteElo "2348"]
[BlackElo "2282"]

1.e4 c5 2.Nf3 Nc6 3.Nc3 g6 4.d4 cxd4 5.Nxd4 Bg7 6.Be3 Nf6 7.Qd2 Ng4 8.Nxc6 dxc6
9.Qxd8+ Kxd8 10.Bf4 e5 11.Bg3 h5 12.h4 f5 13.O-O-O+ Ke7 14.f3 Ne3 15.Rd3 Nxf1
16.Rxf1 Be6 17.Re1 Bh6+ 18.Kb1 f4 19.Bf2 g5 20.hxg5 Bxg5 21.b3 h4 22.a4 Bf6
23.a5 Rag8 24.Re2 a6 25.Na4 Kf7 26.Bb6 Rg3 27.Nc5 Rhg8 28.Rdd2 Bc8 29.Rf2 h3
30.gxh3 Bh4 31.Kb2 Rxh3 32.Rh2 Rgg3 33.Rxh3 Rxh3 34.Nd3 Ke6 35.Nc5+ Kf7 36.Nd3 Ke6
37.Rg2 Bg3 38.Bc7 Rh5 39.Rd2 Kf6 40.Nc5 Rh7 41.Rd6+ Ke7 42.Nd3 Bh4 43.Rd8 Bh3
44.Rb8 Ke6 45.Bxe5 Bg2 46.Bxf4 Bxf3 47.Nc5+ Kf6 48.Rxb7 Rxb7 49.Nxb7 Bf2
50.e5+ Kf5 51.Bh2 c5 52.Nd6+ Ke6 53.c3 Bh4 54.Nc4 Be2 55.Nd2 Bd8 56.Ne4 Kd5
57.Ng3 Bg4 58.Nf1 Be2 59.Ne3+ Ke4 60.Nc4  1/2-1/2

[Event "Spring Open"]
[Site "Belgrade SCG"]
[Date "2005.03.26"]
[Round "2"]
[White "Becelic,D"]
[Black "Masovic,B"]
[Result "1-0"]
[WhiteElo "2138"]
[BlackElo "1865"]

1.e4 c5 2.Nf3 Nc6 3.Nc3 e5 4.Bc4 d6 5.d3 h6 6.O-O Be7 7.h3 Nf6 8.a4 a6 9.Ne2 Be6
10.Ng3 O-O 11.Re1 Na5 12.Bxe6 fxe6 13.Nh2 Nc6 14.Ng4 Qe8 15.c3 Qg6 16.Ne3 Rab8
17.Qb3 Qf7 18.Rf1 g5 19.Bd2 Kh7 20.Rae1 Rg8 21.Ng4 b5 22.axb5 axb5 23.Nxf6+ Bxf6
24.Ra1 Qd7 25.Be3 Ne7 26.Nh5 Bh8 27.Ra6 Ra8 28.Rfa1 Rxa6 29.Rxa6 Kg6 30.d4 Rb8
31.Qa2 Nc6 32.Ra8 Kh7 33.Rxb8 Nxb8 34.Qa8 Nc6 35.Qf8 b4 36.h4 Qe7 37.Qxe7+ Nxe7
38.hxg5 bxc3 39.bxc3 hxg5 40.Bxg5 Nc6 41.Be3 Kg6  1-0

[Event "XXXXII Open"]
[Site "La Roda ESP"]
[Date "2005.03.26"]
[Round "7"]
[White "Fernandez Gil,M"]
[Black "Minzer,C"]
[Result "0-1"]
[WhiteElo "2264"]
[BlackElo "2423"]

1.e4 c5 2.Nc3 Nc6 3.Nf3 g6 4.d4 cxd4 5.Nxd4 Bg7 6.Be3 Nf6 7.Bc4 Qa5 8.O-O O-O
9.Nb3 Qc7 10.Bg5 e6 11.Qd2 a6 12.Be2 b5 13.a3 Bb7 14.Nc5 Nd4 15.Nxb7 Nxe2+
16.Qxe2 Qxb7 17.Rfd1 Rfc8 18.f3 b4 19.axb4 Qxb4 20.Ra3 a5 21.Rb3 Qc5+ 22.Be3 Qc6
23.Rb6 Qc7 24.Qb5 d5 25.exd5 Nxd5 26.Nxd5 exd5 27.c3 a4 28.Qxd5 a3 29.Rb7 Qc4
30.bxa3 Qxd5 31.Rxd5 Rxc3 32.Bc5 Rxc5  0-1

[Event "Open"]
[Site "Coventry ENG"]
[Date "2005.03.28"]
[Round "9"]
[White "Wallace,P"]
[Black "Wu,L"]
[Result "1/2-1/2"]
[WhiteElo "2172"]
[BlackElo "2247"]

1.e4 c5 2.Nc3 Nc6 3.Nf3 g6 4.d4 cxd4 5.Nxd4 Bg7 6.Be3 Nf6 7.Be2 O-O 8.O-O d5
9.exd5 Nxd5 10.Nxd5 Nxd4 11.Bxd4 Qxd5 12.Bxg7 Qxd1 13.Rfxd1 Kxg7 14.Rd2  1/2-1/2

[Event "Arcimpex Cup"]
[Site "Frydek Mistek CZE"]
[Date "2005.03.28"]
[Round "9"]
[White "Vavra,P1"]
[Black "Vybiral,Z"]
[Result "1-0"]
[WhiteElo "2390"]
[BlackElo "2240"]

1.e4 c5 2.Nf3 Nc6 3.Nc3 d6 4.d4 cxd4 5.Nxd4 Nf6 6.Bc4 e6 7.Be3 Be7 8.Qe2 O-O
9.O-O-O Qa5 10.Rhg1 Nxd4 11.Bxd4 a6 12.g4 b5 13.g5 Nd7 14.Nd5 exd5 15.Bxd5 Rb8
16.Qh5 g6 17.Qh6 Ne5 18.f4 Qc7 19.f5 Qd8  1-0

[Event "Arcimpex Cup"]
[Site "Frydek Mistek CZE"]
[Date "2005.03.28"]
[Round "9"]
[White "Jurcik,Mari"]
[Black "Rogule,L"]
[Result "0-1"]
[WhiteElo "2314"]
[BlackElo "2281"]

1.e4 c5 2.Nc3 Nc6 3.Nge2 Nf6 4.d4 cxd4 5.Nxd4 e6 6.Ndb5 Bb4 7.a3 Bxc3+ 8.Nxc3 d5
9.exd5 exd5 10.Bd3 O-O 11.O-O d4 12.Ne2 Qd5 13.c4 dxc3 14.Nxc3 Qa5 15.Bf4 Be6
16.b4 Qd8 17.Ne4 Nxe4 18.Bxe4 Qxd1 19.Rfxd1 Rad8 20.Be3 Bb3 21.Rxd8 Rxd8
22.b5 Nd4 23.Bxd4 Rxd4 24.Bxb7 g6 25.Bc6 Ba4 26.f3 Rd3 27.Re1 Rxa3 28.Re7 Bb3
29.Kf2 Bc4 30.Kg3 Ra5 31.Rb7 Kg7 32.Kf4 Kf6 33.Ke4 Ra4 34.Ke3 Ke5 35.f4+ Kd6
36.Be8 Kc5 37.Rc7+ Kb6 38.Rc6+ Kb7 39.Rd6 Ra3+ 40.Ke4 f5+ 41.Kd4 Rd3+ 42.Kc5 Rxd6
43.Kxd6 Kb6 44.Ke7 Bxb5 45.Bf7 a5 46.Kf6 Kc5 47.Kg7 a4 48.Ba2 Bc4 49.Bb1 a3
50.Kxh7 Kb4 51.Kxg6 Kb3 52.h4 Kb2 53.h5 Kxb1  0-1

[Event "ch-RUS w 1st League"]
[Site "Samara RUS"]
[Date "2005.03.31"]
[Round "9"]
[White "Tomilova,E"]
[Black "Melnikova,Y"]
[Result "1-0"]
[WhiteElo "2263"]
[BlackElo "2322"]

1.e4 c5 2.Nc3 Nc6 3.Bb5 e6 4.Bxc6 bxc6 5.Nf3 Nf6 6.O-O d5 7.e5 Nd7 8.d3 Be7
9.b3 O-O 10.Re1 a5 11.Na4 Ba6 12.c4 Nb6 13.Nxb6 Qxb6 14.Bg5 Rfe8 15.Bxe7 Rxe7
16.a4 Rb8 17.Rb1 h6 18.Qd2 Reb7 19.h3 Qd8 20.Qc2 Rd7 21.Rbd1 Rb4 22.Nd2 Rdb7
23.f4 dxc4 24.dxc4 Qd4+ 25.Kh1 Qxf4 26.Ne4 Qf5 27.Rf1 Qg6 28.Rd8+ Kh7 29.Rf6 Bxc4
30.Rxg6  1-0

[Event "ch-FRA Top 16 GpA"]
[Site "Noyon FRA"]
[Date "2005.04.01"]
[Round "5"]
[White "Philippe,C"]
[Black "Wagner,Cl"]
[Result "1-0"]
[WhiteElo "2374"]
[BlackElo "2375"]

1.e4 c5 2.Nc3 Nc6 3.Bb5 Nd4 4.Bc4 e6 5.Nf3 Nf6 6.O-O a6 7.d3 b5 8.Bb3 Nxb3
9.axb3 Bb7 10.e5 Nd5 11.Ne4 f5 12.exf6 Nxf6 13.Nfg5 h6 14.Qf3 hxg5 15.Nxf6+ gxf6
16.Qxb7 Bd6 17.g3 Ke7 18.Rxa6 Rxa6 19.Qxa6 Qe8 20.Qb7 Qh5 21.Qg2 Rc8 22.Re1 Rc6
23.Qe4 Rc8 24.Bd2 Rh8 25.Qg2 g4 26.Ra1 Qe5 27.Bc3 Qe2 28.Qe4 Qxe4 29.dxe4 b4
30.Bd2 Be5 31.Be3 Rc8 32.Ra5 Bd4 33.Bd2 Bxb2 34.Kg2 Bd4 35.f3 f5 36.exf5 exf5
37.Ra6 d6 38.fxg4 fxg4 39.h3 gxh3+ 40.Kxh3 Ke6 41.Bf4 Be5 42.Kg4 Kd5 43.Ra7 Kd4
44.Rh7 Kc3 45.Rh2 Bxf4 46.Kxf4 d5 47.g4 d4 48.Ke4 d3 49.cxd3 Kxb3 50.Kd5 Kc3
51.Rh3 b3 52.d4+ Kb4 53.Rxb3+ Kxb3 54.dxc5 Kb4 55.Ke6 Kxc5 56.g5 Rg8 57.Kf6 Kd6
58.g6 Rf8+ 59.Kg5 Ke6 60.Kh6 Kf6 61.Kh7 Re8 62.g7 Kf7  1-0

[Event "ch-FRA Top 16 GpA"]
[Site "Noyon FRA"]
[Date "2005.04.01"]
[Round "5"]
[White "Magem Badals,J"]
[Black "Van der Stricht,G"]
[Result "1/2-1/2"]
[WhiteElo "2485"]
[BlackElo "2425"]

1.e4 c5 2.Nc3 Nc6 3.Bb5 Nd4 4.Bc4 e6 5.Nge2 Nf6 6.O-O a6 7.a4 d5 8.exd5 exd5
9.Ba2 Nxe2+ 10.Qxe2+ Be7 11.d3 O-O 12.Nxd5 Nxd5 13.Bxd5 Qxd5 14.Qxe7 c4 15.dxc4 Qxc4
16.c3 Qc6 17.Be3 Re8 18.Qc5 Qxc5 19.Bxc5 Bd7 20.Rfd1 Bc6 21.Kf1 Rad8 22.Rxd8 Rxd8
23.Be3 Bd5 24.Ra3 Be4 25.f3 Bc2 26.Ke2 Rd1 27.c4 Rb1 28.Bd4 f6 29.h3 Kf7
30.Kd2 Bf5 31.Rb3 Bc8 32.Bc5 h5 33.h4 Ra1 34.Ba3 Rg1 35.Re3 Rxg2+ 36.Ke1 Be6
37.Rb3 Bc8 38.Re3 Be6 39.Rb3 Bc8 40.Re3  1/2-1/2

[Event "1st ch-SCG"]
[Site "Kopaonik SCG"]
[Date "2005.04.03"]
[Round "2"]
[White "Ivanisevic,I"]
[Black "Vuckovic,Bo"]
[Result "1/2-1/2"]
[WhiteElo "2542"]
[BlackElo "2529"]

1.e4 c5 2.Nf3 Nc6 3.Nc3 e5 4.Bc4 Be7 5.d3 d6 6.a3 Nf6 7.Bg5 Nd7 8.Bxe7 Qxe7
9.Nd5 Qd8 10.b4 Nb6 11.Nxb6 axb6 12.c3 Be6 13.Bxe6 fxe6 14.O-O O-O 15.Nd2 d5
16.Nf3 Qd6 17.Qe2 d4 18.b5 Na7 19.cxd4 Nxb5 20.dxe5 Qd7 21.Rfc1 Nxa3 22.d4 cxd4
23.Qd3 Nb5 24.Rab1 Rfc8 25.Rxc8+ Rxc8 26.h4 Rc5 27.Kh2 h6 28.Rb4 Kh7 29.Nxd4 Rxe5
30.f4 Rc5 31.e5+ Kg8 32.Rxb5 Rxb5 33.Qxb5 Qxd4 34.Qe8+ Kh7 35.Kg3 Qe3+ 36.Kg4 Qe2+
37.Kh3 Qd3+ 38.g3 Qf5+ 39.Kh2 Qc2+ 40.Kh3 Qc6 41.Qf7 Qh1+ 42.Kg4 Qd1+ 43.Kh3 h5
44.Kh2 Qe2+ 45.Kg1 Qd1+ 46.Kh2 Qc2+ 47.Kh3 Qg6 48.Qxb7 Qg4+ 49.Kh2 Qe2+ 50.Kg1 b5
51.Qd7 Qf3 52.Kh2 Qf2+ 53.Kh3 Qg1 54.Qd3+ Kh6 55.Qf3 Qb1 56.Qc6 Qf5+ 57.Kh2 b4
58.Qc4 Qg4 59.Qxb4 Qe2+  1/2-1/2